Taylor Swift songs that start with "B" - Statistics

General Stats
  • This quiz has been taken 30 times
    15 since last reset
  • The average score is 13 of 16
Answer Stats
Answer % Correct
Babe
100%
Back To December
100%
Bad Blood
100%
Better Than Revenge
100%
But Daddy I Love Him
100%
Bye Bye Baby
100%
betty
89%
Blank Space
89%
Begin Again
78%
Bejeweled
78%
Better Man
78%
Bigger Than The Whole Sky
78%
Birch
67%
Breathe
67%
Beautiful Eyes
56%
Beautiful Ghosts
56%
No matching quizzes found
Score Distribution
Percent of People with Each Score
Percentile by Number Answered
Your Score History
You have not taken this quiz since the last reset